000 01022nam2a22002411 4500
001 rc\251291
005 20250621063611.0
010 _a5-09-002754-4
_9882000
035 _a(NLR Aleph) 005628420
090 _a6553895
_c6553895
100 _a20030307d1990 |||y0rusy50 ca
101 0 _arus
102 _aRU
105 _aa |||||||||
200 0 _aЧ. 1
210 _d1990
_aБ. м.
215 _a188, [4] с.
_cил.
461 0 _1001rc\251290
_12001#$aРодное слово$eУчеб. по чтению для учащихся 3-го кл. четырехлет. нач. шк.$eВ 2 ч.$f[Сост. Горецкий В.Г. и др.]$vЧ. 1
_96553888
_cМ.
_d1990-
_e3-е изд.
_f[Сост. Горецкий В.Г. и др.]
_nПросвещение
_oУчеб. по чтению для учащихся 3-го кл. четырехлет. нач. шк. : В 2 ч.
_tРодное слово
_y5090027552
_vЧ. 1
801 0 _aRU
_bNLR
_gpsbo
801 1 _aRU
_bELAR
_2rusmarc
852 _aNLR
_j89-5/4079
942 _cBOOK
980 _aNB